<?xml version="1.0" encoding="UTF-8"?>
<record
    xmlns:xsi="http://www.w3.org/2001/XMLSchema-instance"
    xsi:schemaLocation="http://www.loc.gov/MARC21/slim http://www.loc.gov/standards/marcxml/schema/MARC21slim.xsd"
    xmlns="http://www.loc.gov/MARC21/slim">

  <leader>01295nam a2200277 a 4500</leader>
  <controlfield tag="001">000049218</controlfield>
  <controlfield tag="003">DO-SdBNP</controlfield>
  <controlfield tag="005">20250514125700.0</controlfield>
  <controlfield tag="008">110713s2009    sp      r     000 | spa d</controlfield>
  <datafield tag="020" ind1=" " ind2=" ">
    <subfield code="a">8430903968</subfield>
  </datafield>
  <datafield tag="040" ind1=" " ind2=" ">
    <subfield code="a">DO-SdBNP</subfield>
    <subfield code="b">spa</subfield>
    <subfield code="c">BNPHU</subfield>
  </datafield>
  <datafield tag="082" ind1=" " ind2=" ">
    <subfield code="a">972.93054</subfield>
    <subfield code="b">M843p</subfield>
  </datafield>
  <datafield tag="100" ind1="1" ind2=" ">
    <subfield code="a">Moreno, Jos&#xE9; A.</subfield>
    <subfield code="9">58279</subfield>
  </datafield>
  <datafield tag="245" ind1="1" ind2="3">
    <subfield code="a">El pueblo en armas :</subfield>
    <subfield code="b">revoluci&#xF3;n en Santo Domingo /</subfield>
    <subfield code="c">Jos&#xE9; A. Moreno.</subfield>
  </datafield>
  <datafield tag="250" ind1=" " ind2=" ">
    <subfield code="a">2a. ed.</subfield>
  </datafield>
  <datafield tag="260" ind1=" " ind2=" ">
    <subfield code="a">Madrid :</subfield>
    <subfield code="b">Tecnos,</subfield>
    <subfield code="c">2009.</subfield>
  </datafield>
  <datafield tag="300" ind1=" " ind2=" ">
    <subfield code="a">259 p. ;</subfield>
    <subfield code="c">22 cm.</subfield>
  </datafield>
  <datafield tag="490" ind1="1" ind2=" ">
    <subfield code="a">Cielo naranja</subfield>
  </datafield>
  <datafield tag="500" ind1=" " ind2=" ">
    <subfield code="a">Incluye notas al pie de las p&#xE1;ginas.</subfield>
  </datafield>
  <datafield tag="504" ind1=" " ind2=" ">
    <subfield code="a">Bibliograf&#xED;a : p. 256-259</subfield>
  </datafield>
  <datafield tag="505" ind1="0" ind2=" ">
    <subfield code="a">El observador participante en una revoluci&#xF3;n --</subfield>
    <subfield code="t">Antecedentes de la revoluci&#xF3;n --</subfield>
    <subfield code="t">La organizaci&#xF3;n pol&#xED;tica --</subfield>
    <subfield code="t">La organizaci&#xF3;n paramilitar --</subfield>
    <subfield code="t">La organizaci&#xF3;n c&#xED;vica --</subfield>
    <subfield code="t">Caracter&#xED;sticas de los rebeldes --</subfield>
    <subfield code="t">Ideolog&#xED;a de la revoluci&#xF3;n --</subfield>
    <subfield code="t">Grupos de inter&#xE9;s, partidos pol&#xED;ticos e ideolog&#xED;as formales--</subfield>
    <subfield code="t">Una tipolog&#xED;a de los rebeldes --</subfield>
    <subfield code="t">La emergencia del liderazgo --</subfield>
    <subfield code="t">Rol de las organizaciones informales --</subfield>
    <subfield code="t">Conflicto y resoluci&#xF3;n del mismo--</subfield>
    <subfield code="t">Conclusiones.</subfield>
  </datafield>
  <datafield tag="590" ind1=" " ind2=" ">
    <subfield code="a">Invetnariado, 2019/VM</subfield>
  </datafield>
  <datafield tag="651" ind1=" " ind2="4">
    <subfield code="a">Rep&#xFA;blica Dominicana</subfield>
    <subfield code="x">Historia</subfield>
    <subfield code="y">REVOLUCI&#xD3;N DE 1965</subfield>
    <subfield code="9">76524</subfield>
  </datafield>
  <datafield tag="830" ind1=" " ind2="0">
    <subfield code="a">Cielo naranja</subfield>
    <subfield code="9">76525</subfield>
  </datafield>
  <datafield tag="942" ind1=" " ind2=" ">
    <subfield code="2">ddc</subfield>
    <subfield code="c">LBS1</subfield>
  </datafield>
  <datafield tag="952" ind1=" " ind2=" ">
    <subfield code="0">0</subfield>
    <subfield code="1">0</subfield>
    <subfield code="5">0</subfield>
    <subfield code="7">1</subfield>
    <subfield code="8">MO</subfield>
    <subfield code="a">PD</subfield>
    <subfield code="b">PD</subfield>
    <subfield code="c">HD</subfield>
    <subfield code="d">2019-07-30</subfield>
    <subfield code="i">LF1</subfield>
    <subfield code="l">0</subfield>
    <subfield code="o">972.93054 M843p</subfield>
    <subfield code="p">49219-10</subfield>
    <subfield code="r">2020-06-25</subfield>
    <subfield code="w">2020-06-25</subfield>
    <subfield code="y">1</subfield>
    <subfield code="z">Perteneci&#xF3; a la biblioteca personal de Chiqui Vicioso</subfield>
    <subfield code="Z">No se presta</subfield>
  </datafield>
  <datafield tag="999" ind1=" " ind2=" ">
    <subfield code="c">48706</subfield>
    <subfield code="d">48706</subfield>
  </datafield>
</record>
